LEADER 01185nam a2200253 i 4500 001 000000247558 003 CaOOAMICUS 005 20160121000000.0 008 160121s1884 it u000 u ita u 013 $a226463 040 $aSeMil$bita 100 1 $aLuzio, Alessandro.$0(OLS)http://semarc/name/5785 245 10$aManzoni e Diderot :$bLa monaca di Monza e La religieuse : saggio critico /$cdi Alessandro Luzio. 260 $aMilano :$bFratelli Dumolard,$c1884. 300 $a96 p. ;$c19 cm. 500 $aDalla biblioteca del Card. Colombo. 600 14$aDiderot, Denis <1713-1784>.$0(OLS)http://semarc/subject/10541 600 14$aManzoni, Alessandro <1785-1873>.$0(OLS)http://semarc/subject/1531 773 0 $aLuzio, Alessandro$tProfili biografici e bozzetti storici.$dMilano : L. F. Cogliati, 1925.$gVolume2$w()25389 850 $aSeMil 852 $aSeMil$W1$xVenegono$y1$m1S V 29 FA$j197904$B197904$CSeMilBibl$Z2$F209059 $8I 961 $aLascito: Colombo Card. Giovanni 996 $6245$aManzoni e Diderot :$bLa monaca di Monza e La religieuse : saggio critico$9(OLS)http://semarc/title/301264 996 $6260$aMilano :$bFratelli Dumolard$9(OLS)http://semarc/publisher/31337 LEADER 00938nam a2200253 i 4500 001 000000100928 003 CaOOAMICUS 005 20180830171914.0 008 180830s1990 xx u000 u und u 013 $a73080 020 $a88-425-0410-6 040 $aSeMil$bita 100 1 $aDe Maria, Amalia.$0(OLS)http://semarc/name/34092 245 10$aInvito al pensiero di John Dewey. 260 $aMilano :$bMursia,$c1990. 300 $a174 p. 490 0 $aInvito al pensiero ;$v11 600 14$aDewey, John.$0(OLS)http://semarc/subject/13332 830 0$aInvito al pensiero ;$v11.$0(OLS)http://semarc/title/7163 850 $aSeMil 852 $aSeMil$W1$xVenegono$y1$m58 8 11 *$j57929$B57929$CSeMilBibl$Z2$F68439 $81 996 $6020$a88-425-0410-6$9(OLS)http://semarc/number/80772 996 $6245$aInvito al pensiero di John Dewey$9(OLS)http://semarc/title/147986 996 $6260$aMilano :$bMursia$9(OLS)http://semarc/publisher/30230